¡Arriba! Comunicación y cultura
Guardado en:
| Autores principales: | , , |
|---|---|
| Formato: | Libro |
| Lenguaje: | español inglés |
| Publicado: |
Upper Saddle River, NJ., USA:
Pearson; Prentice Hall;
2008.
|
| Materias: | |
| Etiquetas: |
Agregar Etiqueta
Sin Etiquetas, Sea el primero en etiquetar este registro!
|
MARC
| LEADER | 00000nam a22000007a 4500 | ||
|---|---|---|---|
| 003 | CL-VaPUC | ||
| 005 | 20241211145701.0 | ||
| 008 | 241202t2008 ||||| |||| 00| 0 eng d | ||
| 999 | |c 446035 |d 446033 | ||
| 020 | |a 978-0-13-230936-3 | ||
| 040 | |c Pontificia Universidad Católica de Valparaíso | ||
| 041 | 0 | 7 | |a spa |2 CL-VaPUC |
| 041 | 0 | 7 | |a eng |2 CL-VaPUC |
| 082 | 0 | 4 | |a 468.2421 ZAY 2008 |2 21 |
| 100 | 0 | |a Zayas-Bazán y Loret de Mola, Eduardo |e author |9 560981 | |
| 245 | 1 | 0 | |a ¡Arriba! |b Comunicación y cultura |
| 260 | |a Upper Saddle River, NJ., USA: |b Pearson; |b Prentice Hall; |c 2008. | ||
| 300 | |a xxiii, 541 páginas. | ||
| 500 | |a c.1. Donación PIIE 2-12-2024 | ||
| 583 | |a last modification |c 20120322 10:26:21 |k Cristina María Rojas Aguilar | ||
| 650 | 0 | |a Lengua española |9 314728 |x Estudiantes extranjeros | |
| 700 | |a Bacon, Susan M |e author |9 894366 | ||
| 700 | |a Nibert, Holly J |e author |9 894367 | ||
| 942 | |c BK |2 ddc | ||
| 952 | |0 0 |1 0 |2 ddc |4 0 |6 468_242100000000000_ZAY_2008 |7 0 |8 A |9 598396 |a BIBEDU |b BIBEDU |d 2024-12-02 |e Donación |i 5663534 |o 468.2421 ZAY 2008 |p 5663534 |r 2024-12-02 |t 1 |w 2024-12-02 |y BK |k LIT | ||